Normal view MARC view
  • Opposition (Political science)

Entry Topical Term

Number of records used in: 1

001 - CONTROL NUMBER

  • control field: 3080

003 - CONTROL NUMBER IDENTIFIER

  • control field: OSt

005 - DATE AND TIME OF LATEST TRANSACTION

  • control field: 20170511085907.0

008 - FIXED-LENGTH DATA ELEMENTS

  • fixed length control field: 170511|| aca||aabn | a|a d

040 ## - CATALOGING SOURCE

  • Original cataloging agency: OSt
  • Transcribing agency: OSt

150 ## - HEADING--TOPICAL TERM

  • Topical term or geographic name entry element: Opposition (Political science)
  • Geographic subdivision: Malaysia
  • General subdivision: History

670 ## - SOURCE DATA FOUND

  • Source citation: Work cat.: (OSt)0: Mohamed Salleh Lamry, 1942- 3079, Gerakan kiri Melayu dalam perjuangan kemerdekaan /, 2005
Pusat Sumber Maklumat Dato' Haji Sarmin Md Hussin, Akademi Kastam Diraja Malaysia, Melaka
Tel: 06-2331106 | Faks: 06-2313787